[Event "Sant Adria de Besos op 18th"]
[Site "Sant Adria de Besos"]
[Date "2024.05.26"]
[Round "7"]
[White "Ruiz Molina, Gabriel"]
[Black "Garriga Cabrera, Joan"]
[Result "0-1"]
[WhiteElo "2122"]
[BlackElo "2098"]
[PlyCount "164"]
[EventDate "2024.04.07"]
[EventType "swiss"]
[EventRounds "9"]
[EventCountry "ESP"]
[SourceTitle "EXT 2025"]
[Source "ChessBase"]
[SourceDate "2024.10.14"]
[SourceVersion "1"]
[SourceVersionDate "2024.10.14"]
[SourceQuality "1"]

1. d4 d5 2. c4 e6 3. Nc3 Nf6 4. Bg5 Be7 5. Nf3 0-0 6. Qc2 Nbd7 7. e3 h6 8. Bh4 c5 9. dxc5 dxc4 10. Bxc4 Bxc5 11. 0-0 a6 12. Rac1 b5 13. Bd3 Bb7 14. Qe2 Be7 15. Bb1 b4 16. Na4 Be4 17. Rfd1 Bxb1 18. Rxb1 Qc7 19. Bg3 Qc6 20. b3 Ne4 21. Bf4 Nb6 22. Rbc1 Nc3 23. Nxc3 bxc3 24. Be5 Nd5 25. e4 Nf6 26. Rd4 Qb5 27. Rc4 Nd7 28. Bxc3 Nb6 29. Nd4 Qg5 30. Bd2 Qf6 31. e5 Qg6 32. Rc6 Nd5 33. Rxa6 Bg5 34. Rxa8 Rxa8 35. a4 Bxd2 36. Qxd2 Qe4 37. Re1 Qg4 38. h3 Qh4 39. Nf3 Qe7 40. a5 Qa3 41. Rb1 Rxa5 42. Nd4 Qb4 43. Qd3 Nf4 44. Qe4 Qxd4 45. Qxd4 Ne2+ 46. Kf1 Nxd4 47. f4 Rb5 48. b4 Nc6 49. Ke2 Rxb4 50. Rc1 Ne7 51. Kf3 Nd5 52. g3 h5 53. Rg1 Kh7 54. Ke2 Rb3 55. Kd2 Rb4 56. Kd3 Ne7 57. Kc3 Ra4 58. Kb3 Re4 59. Kc3 Nf5 60. g4 Ne7 61. f5 Rxe5 62. fxe6 Rxe6 63. gxh5 Re3+ 64. Kd4 Rxh3 65. Rf1 f6 66. Re1 Nf5+ 67. Kd5 Rxh5 68. Ke6 Nh6 69. Rf1 Re5+ 70. Kd7 Kg6 71. Kd6 Nf7+ 72. Kd7 Ng5 73. Kd6 Ne4+ 74. Kd7 Kf7 75. Rh1 Rd5+ 76. Kc6 Ke6 77. Rh8 Rc5+ 78. Kb6 g5 79. Re8+ Kf5 80. Re7 g4 81. Rg7 g3 82. Rg8 Rc1 0-1

[Event "Maresme op 16th"]
[Site "Maresme"]
[Date "2019.11.23"]
[Round "7"]
[White "Castells Briones, Miquel"]
[Black "Ruiz Molina, Gabriel"]
[Result "0-1"]
[WhiteElo "1935"]
[BlackElo "1988"]
[PlyCount "72"]
[EventDate "2019.09.29"]
[EventType "swiss"]
[EventRounds "8"]
[EventCountry "ESP"]
[SourceTitle "CBM 193 Extra"]
[Source "ChessBase"]
[SourceDate "2020.01.31"]
[SourceVersion "1"]
[SourceVersionDate "2020.01.31"]
[SourceQuality "1"]

1. d4 Nf6 2. c4 b6 3. f3 c5 4. d5 d6 5. e4 g6 6. Nc3 Bg7 7. Be3 0-0 8. Qd2 Re8 9. g4 a6 10. Nge2 Nbd7 11. Ng3 Ne5 12. Be2 b5 13. cxb5 axb5 14. Nxb5 Ba6 15. 0-0 Qd7 16. a4 Reb8 17. h3 c4 18. f4 Nd3 19. Bxd3 cxd3 20. Qxd3 Ne8 21. Qd2 Bxb5 22. axb5 Rxa1 23. Rxa1 Qxb5 24. Rb1 Qb3 25. g5 Rc8 26. Rc1 Rxc1+ 27. Qxc1 Bxb2 28. Qd2 Nc7 29. Nf1 Nb5 30. Qa5 Bg7 31. Qa8+ Bf8 32. f5 Qd3 33. Qa4 Nc3 34. Qa7 Qxe4 35. f6 Nxd5 36. fxe7 Qxe7 0-1

[Event "Mataro Vinas Memorial-A15th"]
[Site "Mataro"]
[Date "2019.06.15"]
[Round "6.4"]
[White "Ruiz Molina, Gabriel"]
[Black "Castillo Martinez, Aran"]
[Result "1-0"]
[WhiteElo "1961"]
[BlackElo "1968"]
[PlyCount "61"]
[EventDate "2019.05.04"]
[EventType "swiss"]
[EventRounds "8"]
[EventCountry "ESP"]
[SourceTitle "EXT 2024"]
[Source "ChessBase"]
[SourceDate "2023.10.10"]
[SourceVersion "1"]
[SourceVersionDate "2023.10.10"]
[SourceQuality "1"]

1. d4 Nf6 2. Nf3 e6 3. Bg5 Be7 4. e3 b6 5. Bd3 d5 6. 0-0 Bb7 7. c4 0-0 8. Qc2 dxc4 9. Bxc4 Bxf3 10. gxf3 Nd5 11. Bxe7 Qxe7 12. Kh1 f5 13. Rg1 Rf6 14. Nc3 c6 15. Rg2 Rg6 16. Rxg6 hxg6 17. Rg1 Kf7 18. e4 Nxc3 19. bxc3 Nd7 20. exf5 gxf5 21. Qxf5+ Nf6 22. Bxe6+ Kf8 23. Re1 Re8 24. Re5 Qa3 25. Qg6 Re7 26. Bb3 Qd6 27. Kg2 Ne8 28. Rf5+ Nf6 29. Rh5 Re6 30. Rh8+ Ke7 31. Qxg7# 1-0

[Event "Maresme op 15th"]
[Site "Maresme"]
[Date "2018.11.24"]
[Round "8"]
[White "Ruiz Molina, Gabriel"]
[Black "Soldado Pastor, Lucas"]
[Result "1-0"]
[WhiteElo "1929"]
[BlackElo "1814"]
[PlyCount "109"]
[EventDate "2018.09.29"]
[EventType "swiss"]
[EventRounds "9"]
[EventCountry "ESP"]
[SourceTitle "EXT 2024"]
[Source "ChessBase"]
[SourceDate "2023.10.10"]
[SourceVersion "1"]
[SourceVersionDate "2023.10.10"]
[SourceQuality "1"]

1. d4 Nf6 2. c4 e6 3. Nf3 Bb4+ 4. Bd2 Qe7 5. a3 Bxd2+ 6. Qxd2 b6 7. Nc3 Bb7 8. Qc2 d6 9. g3 a6 10. Bg2 Nbd7 11. 0-0 0-0 12. Rfe1 e5 13. e3 c5 14. Nh4 Bxg2 15. Nf5 Qe6 16. d5 Be4 17. dxe6 Bxc2 18. Ne7+ Kh8 19. exd7 Bb3 20. Nc8 Nxd7 21. Nxd6 Nf6 22. Rac1 Rad8 23. Nce4 Nxe4 24. Nxe4 Rd7 25. Rc3 Ba4 26. Rcc1 Bc6 27. Nc3 Bf3 28. e4 Rd2 29. Re3 Bg4 30. b3 f5 31. f3 f4 32. gxf4 exf4 33. Re2 Rxe2 34. Nxe2 Bxf3 35. Kf2 Bxe2 36. Kxe2 Rd8 37. Kf3 g5 38. Kg4 Kg7 39. Kxg5 Rf8 40. Rf1 f3 41. Rf2 h6+ 42. Kg4 Kg6 43. Rxf3 h5+ 44. Kg3 Rxf3+ 45. Kxf3 Kg5 46. b4 a5 47. bxa5 bxa5 48. a4 Kg6 49. h4 Kf6 50. Kf4 Ke6 51. e5 Ke7 52. Kf5 Kf7 53. e6+ Kg7 54. Ke5 Kf8 55. Kd6 1-0

[Event "Maresme op 15th"]
[Site "Maresme"]
[Date "2018.10.06"]
[Round "2"]
[White "Ruiz Molina, Gabriel"]
[Black "Torres Julian, Marc"]
[Result "1-0"]
[WhiteElo "1929"]
[BlackElo "1693"]
[PlyCount "71"]
[EventDate "2018.09.29"]
[EventType "swiss"]
[EventRounds "9"]
[EventCountry "ESP"]
[SourceTitle "EXT 2020"]
[Source "ChessBase"]
[SourceDate "2019.10.17"]
[SourceVersion "1"]
[SourceVersionDate "2019.10.17"]
[SourceQuality "1"]

1. d4 Nf6 2. c4 c5 3. d5 e6 4. g3 exd5 5. cxd5 d6 6. Nc3 g6 7. Bg2 Bg7 8. Nf3 0-0 9. 0-0 Re8 10. a4 Na6 11. Bf4 Nc7 12. Nd2 Nh5 13. Be3 b6 14. Bf3 Nf6 15. Bf4 Ng4 16. e4 Ne5 17. Be2 Ba6 18. Nb5 Nxb5 19. axb5 Bc8 20. Qc2 f5 21. f3 fxe4 22. fxe4 Bg4 23. Bxg4 Nxg4 24. Nc4 Bd4+ 25. Kg2 Ne5 26. Nxe5 dxe5 27. Bh6 Qd7 28. Qe2 Re7 29. Ra3 Rf7 30. Raf3 Rxf3 31. Qxf3 Qe7 32. b3 Bb2 33. h4 Bd4 34. d6 Qe8 35. Qf6 Qd7 36. Qf8+ 1-0

[Event "Mataro Vinas Memorial 14th"]
[Site "Mataro"]
[Date "2018.06.02"]
[Round "8"]
[White "Ruiz Molina, Gabriel"]
[Black "Roig Ruiz, Carles"]
[Result "1-0"]
[WhiteElo "1876"]
[BlackElo "1779"]
[PlyCount "53"]
[EventDate "2018.04.07"]
[EventType "swiss"]
[EventRounds "9"]
[EventCountry "ESP"]
[SourceTitle "EXT 2019"]
[Source "ChessBase"]
[SourceDate "2018.10.10"]
[SourceVersion "1"]
[SourceVersionDate "2018.10.10"]
[SourceQuality "1"]

1. d4 g6 2. c4 Bg7 3. Nc3 d6 4. e4 f5 5. Nf3 Nh6 6. Bg5 0-0 7. Be2 fxe4 8. Nxe4 Bf5 9. Ng3 Nc6 10. 0-0 Bg4 11. Re1 Nf7 12. Be3 Bxf3 13. Bxf3 e5 14. d5 Nd4 15. Be4 Qf6 16. Qd2 h5 17. Bd3 Nf5 18. Bxf5 gxf5 19. Nxh5 Qg6 20. Nxg7 Kxg7 21. f4 Rh8 22. Qf2 Nh6 23. fxe5 Ng4 24. Qg3 Rxh2 25. exd6 Rah8 26. Bd4+ Nf6 27. Bxf6+ 1-0

[Event "Maresme op 14th"]
[Site "Maresme"]
[Date "2017.11.04"]
[Round "5"]
[White "Maza Navarro, Llorens"]
[Black "Ruiz Molina, Gabriel"]
[Result "1/2-1/2"]
[WhiteElo "1543"]
[BlackElo "1899"]
[PlyCount "150"]
[EventDate "2017.09.30"]
[EventType "swiss"]
[EventRounds "9"]
[EventCountry "ESP"]
[SourceTitle "CBM 181 Extra"]
[Source "ChessBase"]
[SourceDate "2017.12.12"]
[SourceVersion "1"]
[SourceVersionDate "2017.12.12"]
[SourceQuality "1"]

1. d4 d5 2. Nf3 Nf6 3. e3 c6 4. Bd3 Bg4 5. Nbd2 e6 6. b3 Bb4 7. 0-0 Bc3 8. Rb1 0-0 9. Be2 Nbd7 10. h3 Bh5 11. Bb2 Bxb2 12. Rxb2 c5 13. Bd3 Rc8 14. Qb1 cxd4 15. exd4 Rc3 16. Qe1 Qb6 17. g4 Bg6 18. Bxg6 fxg6 19. Nc4 Rxc4 20. bxc4 Qxb2 21. Qxe6+ Kh8 22. Ng5 h6 23. Nf7+ Kh7 24. g5 Re8 25. Qd6 Qxd4 26. gxf6 Nxf6 27. cxd5 Qxd5 28. Qxd5 Nxd5 29. Rd1 Nf4 30. Rd7 g5 31. Rxb7 Nxh3+ 32. Kg2 Nf4+ 33. Kf3 Rc8 34. Nd6 Rc3+ 35. Ke4 Rxc2 36. Rxa7 Kg6 37. Kf3 h5 38. Ne8 Ne6 39. Ra6 Kf7 40. Nd6+ Ke7 41. Nf5+ Kf7 42. Nd6+ Kg6 43. Ne8 Kf5 44. Nd6+ Ke5 45. Nf7+ Kd5 46. Rd6+ Kc5 47. Rxe6 g4+ 48. Kg2 Rxa2 49. Re5+ Kd4 50. Rxh5 Ra7 51. Ng5 Ke5 52. Nf3+ Kf6 53. Nh2 Ra4 54. Rc5 g6 55. Kg3 Ra3+ 56. Kxg4 Ra4+ 57. Kg3 Ra3+ 58. Kg2 Ra4 59. Kg3 Ra3+ 60. Nf3 Rb3 61. Rc6+ Kg7 62. Kg2 Rb5 63. Kg3 Rb3 64. Rd6 Ra3 65. Kg4 Ra2 66. Rd2 Ra4+ 67. Kg3 Ra3 68. Kg2 Kf6 69. Rd6+ Kf5 70. Nh4+ Kg5 71. Nxg6 Ra2 72. Ne5 Ra3 73. Nf3+ Kf4 74. Rd4+ Kf5 75. Kf1 Rxf3 1/2-1/2

[Event "Mataro Vinas Memorial-A 13th"]
[Site "Mataro"]
[Date "2017.06.03"]
[Round "6"]
[White "Maynat Diaz, Jose Antonio"]
[Black "Ruiz Molina, Gabriel"]
[Result "1/2-1/2"]
[WhiteElo "1829"]
[BlackElo "1912"]
[PlyCount "141"]
[EventDate "2017.04.22"]
[EventType "swiss"]
[EventRounds "8"]
[EventCountry "ESP"]
[SourceTitle "CBM 187 Extra"]
[Source "ChessBase"]
[SourceDate "2018.11.04"]
[SourceVersion "1"]
[SourceVersionDate "2018.11.04"]
[SourceQuality "1"]

1. e4 e6 2. d4 d5 3. Nc3 Nf6 4. exd5 exd5 5. Bg5 Be7 6. Nf3 0-0 7. Be2 c6 8. 0-0 Nbd7 9. a3 Qc7 10. Qd2 Bd6 11. Rfe1 Ne4 12. Qc1 Nxg5 13. Qxg5 Nf6 14. Bd3 h6 15. Qh4 Bf4 16. Ne5 Bg5 17. Qg3 Nh5 18. Qf3 Nf4 19. Qg3 Nxd3 20. Qxd3 b5 21. Re2 a5 22. Qg3 Qb6 23. h4 Bf6 24. Rd1 Ra7 25. Ng4 Bxg4 26. Qxg4 Qd8 27. g3 Re7 28. Rde1 Rfe8 29. Rxe7 Rxe7 30. Rxe7 Bxe7 31. Nd1 b4 32. a4 g6 33. h5 Qd6 34. Ne3 Kh7 35. hxg6+ fxg6 36. Qf3 Bf6 37. c3 Bg7 38. Qf7 h5 39. c4 dxc4 40. Nxc4 Qxd4 41. Kg2 Qd5+ 42. Qxd5 cxd5 43. Nxa5 Bxb2 44. Nb3 Kg7 45. f4 Bf6 46. Kf3 Bd8 47. a5 Kf6 48. Ke3 Ke6 49. Kd4 Kd6 50. a6 Bb6+ 51. Kd3 Kc7 52. Ke2 Kb8 53. Nc1 Ka7 54. Nd3 b3 55. Kd1 Kxa6 56. Nb4+ Kb5 57. Nxd5 Bf2 58. Ne7 Bxg3 59. Nxg6 Kb4 60. Kc1 Bf2 61. f5 Bd4 62. Kb1 Bf6 63. Nf4 Be5 64. Nxh5 Kc5 65. f6 Kd6 66. f7 Ke7 67. Nf4 Kxf7 68. Nd3 Bf4 69. Nc1 b2 70. Nd3 Ke6 71. Nxb2 1/2-1/2

[Event "Mataro Vinas Memorial-A 13th"]
[Site "Mataro"]
[Date "2017.04.22"]
[Round "1"]
[White "Ruiz Molina, Gabriel"]
[Black "Gomez Jurado, Luis Alberto"]
[Result "0-1"]
[WhiteElo "1912"]
[BlackElo "2237"]
[PlyCount "80"]
[EventDate "2017.04.22"]
[EventType "swiss"]
[EventRounds "8"]
[EventCountry "ESP"]
[SourceTitle "CBM 187 Extra"]
[Source "ChessBase"]
[SourceDate "2018.11.04"]
[SourceVersion "1"]
[SourceVersionDate "2018.11.04"]
[SourceQuality "1"]

1. d4 d5 2. c4 c6 3. Nf3 Nf6 4. Nc3 e6 5. Bg5 h6 6. Bh4 g5 7. Bg3 dxc4 8. h4 g4 9. Ne5 b5 10. e3 h5 11. f3 Bh6 12. Bf2 g3 13. Bg1 Bb7 14. Be2 Nbd7 15. f4 b4 16. Nxd7 Qxd7 17. Na4 Bf8 18. Bxc4 c5 19. Qe2 Bc6 20. Nxc5 Bxc5 21. dxc5 0-0-0 22. e4 Nxe4 23. Be3 Kb8 24. f5 e5 25. 0-0 Qe7 26. f6 Nxf6 27. Rxf6 Qxf6 28. Bg5 Qf2+ 29. Qxf2 gxf2+ 30. Kxf2 Rd4 31. Ba6 f6 32. Be3 Rxh4 33. Rd1 Rg4 34. Bc1 Rhg8 35. Rd6 Bxg2 36. Be2 Rh4 37. Rxf6 Bd5 38. Rf5 Rg2+ 39. Ke1 Rh1+ 40. Rf1 Rxe2+ 0-1

[Event "Mataro Maresme op-A 13th"]
[Site "Mataro"]
[Date "2016.11.26"]
[Round "8"]
[White "Ruiz Molina, Gabriel"]
[Black "Pacheco Jimenez, Jose Ramon"]
[Result "1-0"]
[WhiteElo "1890"]
[BlackElo "1738"]
[PlyCount "77"]
[EventDate "2016.10.08"]
[EventType "swiss"]
[EventRounds "9"]
[EventCountry "ESP"]
[SourceTitle "EXT 2018"]
[Source "ChessBase"]
[SourceDate "2017.10.13"]
[SourceVersion "1"]
[SourceVersionDate "2017.10.13"]
[SourceQuality "1"]

1. d4 d5 2. c4 c6 3. Nc3 Nf6 4. Nf3 e6 5. Bg5 Be7 6. e3 h6 7. Bh4 Nbd7 8. Bd3 a6 9. cxd5 cxd5 10. 0-0 b5 11. Qe2 Bb7 12. Rac1 0-0 13. Ne5 Rc8 14. f3 Nxe5 15. dxe5 Nd7 16. Bg3 Qb6 17. Kh1 Rc7 18. Rcd1 Rd8 19. Bb1 Nc5 20. Qc2 g6 21. Qd2 b4 22. Ne2 a5 23. Nd4 Ba6 24. Rfe1 b3 25. a3 a4 26. h4 Nd7 27. e4 Bc5 28. exd5 Bxd4 29. dxe6 Qxe6 30. Qxd4 Bb5 31. Qf4 h5 32. Rd6 Qe8 33. e6 Nf8 34. exf7+ Qxf7 35. Rf6 Qg7 36. Be4 Rdc8 37. Bd5+ Kh8 38. Rxf8+ Rxf8 39. Qxc7 1-0

[Event "Mataro Maresme op-A 13th"]
[Site "Mataro"]
[Date "2016.11.12"]
[Round "6"]
[White "Roig Ruiz, Carles"]
[Black "Ruiz Molina, Gabriel"]
[Result "1-0"]
[WhiteElo "1792"]
[BlackElo "1890"]
[PlyCount "109"]
[EventDate "2016.10.08"]
[EventType "swiss"]
[EventRounds "9"]
[EventCountry "ESP"]
[SourceTitle "EXT 2018"]
[Source "ChessBase"]
[SourceDate "2017.10.13"]
[SourceVersion "1"]
[SourceVersionDate "2017.10.13"]
[SourceQuality "1"]

1. d4 Nf6 2. c4 e6 3. Nc3 b6 4. Nf3 Bb7 5. Bg5 Bb4 6. e3 h6 7. Bh4 0-0 8. Bd3 d5 9. 0-0 c5 10. cxd5 exd5 11. Rc1 c4 12. Bb1 Nbd7 13. Ne5 g5 14. Bg3 Bxc3 15. Rxc3 Ne4 16. Bxe4 dxe4 17. Nxc4 Nf6 18. a3 a6 19. Re1 Nd5 20. Rc2 Kh7 21. f3 f5 22. fxe4 fxe4 23. b3 Rc8 24. Qg4 b5 25. Qxe4+ Kg7 26. Ne5 Rf6 27. Rxc8 Bxc8 28. Rf1 Rxf1+ 29. Kxf1 Qf6+ 30. Nf3 Qf5 31. Be5+ Nf6 32. Qxf5 Bxf5 33. Ke2 Kf7 34. Bxf6 Kxf6 35. Ne5 h5 36. Kf3 Bc2 37. b4 Kf5 38. h3 Be4+ 39. Kf2 Bd5 40. g4+ hxg4 41. hxg4+ Kf6 42. Ke2 Be4 43. Kd2 Ke6 44. Kc3 Kd5 45. Nd3 Bf3 46. Nf2 Ke6 47. e4 Kd6 48. Kd3 Ke6 49. Ke3 Bg2 50. d5+ Ke5 51. Nd3+ Kd6 52. Kd4 Bf3 53. e5+ Ke7 54. Nf2 Kd7 55. Ne4 1-0

[Event "Mataro Maresme op-A 13th"]
[Site "Mataro"]
[Date "2016.11.05"]
[Round "5"]
[White "Ruiz Molina, Gabriel"]
[Black "Gabarro Servitja, Pau"]
[Result "0-1"]
[WhiteElo "1890"]
[BlackElo "1639"]
[PlyCount "166"]
[EventDate "2016.10.08"]
[EventType "swiss"]
[EventRounds "9"]
[EventCountry "ESP"]
[SourceTitle "EXT 2018"]
[Source "ChessBase"]
[SourceDate "2017.10.13"]
[SourceVersion "1"]
[SourceVersionDate "2017.10.13"]
[SourceQuality "1"]

1. d4 d5 2. c4 dxc4 3. Nf3 a6 4. a4 Nf6 5. Nc3 Bg4 6. e3 e6 7. Bxc4 Nc6 8. 0-0 Be7 9. Be2 0-0 10. b3 Nd5 11. Bb2 Bf6 12. Ne5 Be7 13. Rc1 Ncb4 14. Ne4 Bxe2 15. Qxe2 f6 16. Nd3 Nxd3 17. Qxd3 Qd7 18. Nc5 Bxc5 19. Rxc5 Rad8 20. Ba3 Rfe8 21. Rfc1 c6 22. R5c2 Qf7 23. Qc4 Qd7 24. Rd2 Qf7 25. Rcd1 f5 26. b4 Rc8 27. Qb3 Qd7 28. Rc2 h6 29. Rdc1 Rcd8 30. Rc5 Kh7 31. Qb1 Kh8 32. Qb3 Kh7 33. Qd3 Kg8 34. g3 Nf6 35. b5 axb5 36. axb5 cxb5 37. Rxb5 Rc8 38. Rcb1 Rc7 39. Qb3 Rb8 40. Rxf5 Kh7 41. Rb5 Nd5 42. Rc1 Rxc1+ 43. Bxc1 Qc6 44. Bd2 Nf6 45. Rb6 Qf3 46. Qc2+ Kh8 47. Rxe6 Ng4 48. Be1 Rf8 49. h3 Nf6 50. Qc5 Rg8 51. Bb4 Ne4 52. Qc2 Ng5 53. Re5 Nxh3+ 54. Kh2 Nxf2 55. Qxf2 Qxf2+ 56. Kh3 Qf1+ 57. Kg4 Qd3 58. Bc5 Qg6+ 59. Kh3 Re8 60. Be7 Qf7 61. Bd6 Rxe5 62. Bxe5 b5 63. Kg4 b4 64. e4 b3 65. d5 Kg8 66. Bd4 Kf8 67. Bb2 Ke8 68. d6 Qe6+ 69. Kf3 g5 70. e5 Qc4 71. Ke3 Qc2 72. Bd4 Kd7 73. Kf3 Qd3+ 74. Kg4 Qxd4+ 75. Kh5 Qxe5 76. Kxh6 b2 77. g4 Qxd6+ 78. Kh5 Qh2+ 79. Kg6 b1Q+ 80. Kxg5 Qb5+ 81. Kg6 Qd6+ 82. Kg7 Qg5+ 83. Kf7 Qde7# 0-1

[Event "Badalona op-B 42nd"]
[Site "Badalona"]
[Date "2016.08.02"]
[Round "1"]
[White "Ruiz Molina, Gabriel"]
[Black "Georges, Lisa"]
[Result "1-0"]
[WhiteElo "1929"]
[BlackElo "1681"]
[PlyCount "89"]
[EventDate "2016.08.02"]
[EventType "swiss"]
[EventRounds "9"]
[EventCountry "ESP"]
[SourceTitle "CBM 174 Extra"]
[Source "ChessBase"]
[SourceDate "2016.10.10"]
[SourceVersion "1"]
[SourceVersionDate "2016.10.10"]
[SourceQuality "1"]

1. d4 Nf6 2. c4 c5 3. d5 b5 4. Qc2 bxc4 5. e4 d6 6. Bxc4 g6 7. Nf3 Bg7 8. a4 0-0 9. 0-0 Na6 10. Nc3 Nb4 11. Qe2 Re8 12. Bg5 a6 13. Rac1 Ra7 14. Qd2 Bg4 15. Be2 Nd7 16. Be3 Qc8 17. h3 Bxf3 18. Bxf3 Ne5 19. Be2 Qd8 20. f4 Nd7 21. Bg4 Nf6 22. Bf3 Rd7 23. Bd1 e6 24. Bb3 exd5 25. exd5 Rde7 26. Rce1 Ne4 27. Nxe4 Rxe4 28. Bf2 Rxe1 29. Bxe1 Qf6 30. Bc4 Re4 31. b3 Bh6 32. g3 Bg7 33. Qg2 Re3 34. Bd2 Re8 35. Kh2 a5 36. Rc1 Qb2 37. Re1 Rxe1 38. Bxe1 Qc1 39. Qd2 Qxd2+ 40. Bxd2 Kf8 41. Kg2 Ke7 42. g4 Bd4 43. Kf3 f5 44. Kg3 Kf6 45. Be1 1-0

[Event "Mataro Vinas Memorial 12th"]
[Site "Mataro"]
[Date "2016.05.07"]
[Round "5"]
[White "Ruiz Molina, Gabriel"]
[Black "Fabregas Fernandez, Bernat"]
[Result "0-1"]
[WhiteElo "1922"]
[BlackElo "2130"]
[PlyCount "78"]
[EventDate "2016.04.09"]
[EventType "swiss"]
[EventRounds "9"]
[EventCountry "ESP"]
[SourceTitle "EXT 2017"]
[Source "ChessBase"]
[SourceDate "2016.10.25"]
[SourceVersion "1"]
[SourceVersionDate "2016.10.25"]
[SourceQuality "1"]

1. d4 Nf6 2. c4 e6 3. Nf3 d5 4. Nc3 Be7 5. e3 0-0 6. Bd3 c5 7. 0-0 Nc6 8. b3 cxd4 9. exd4 dxc4 10. bxc4 b6 11. Bb2 Qc7 12. Qd2 Ba6 13. Nb5 Bxb5 14. cxb5 Nb4 15. Ne5 Nxd3 16. Qxd3 Nd5 17. Rac1 Qb7 18. Nc6 Bf6 19. a4 a5 20. Rc4 Qd7 21. Rfc1 Rfe8 22. g3 g6 23. f4 h5 24. Qf3 Kg7 25. Ne5 Bxe5 26. fxe5 h4 27. g4 Qe7 28. R1c2 Ra7 29. Rf2 Rc7 30. Ba3 Qd7 31. Rxc7 Qxc7 32. Bd6 Qd7 33. Rc2 Rc8 34. Qb3 h3 35. Kf2 Qd8 36. Rc6 Ra8 37. Qxh3 Qg5 38. Rc2 Qf4+ 39. Ke2 Rh8 0-1

[Event "Maresme-ch 7th"]
[Site "Mataro"]
[Date "2015.10.24"]
[Round "4"]
[White "Ruiz Molina, Gabriel"]
[Black "Duran Gutierrez, Juan Luis"]
[Result "0-1"]
[WhiteElo "2145"]
[BlackElo "2091"]
[PlyCount "78"]
[EventDate "2015.10.03"]
[EventType "swiss"]
[EventRounds "9"]
[EventCountry "ESP"]
[SourceTitle "CBM 170 Extra"]
[Source "ChessBase"]
[SourceDate "2016.02.25"]
[SourceVersion "1"]
[SourceVersionDate "2016.02.25"]
[SourceQuality "1"]

1. d4 Nf6 2. c4 c5 3. d5 b5 4. Qc2 d6 5. e4 Nbd7 6. Be2 bxc4 7. f4 g6 8. Nf3 Ba6 9. 0-0 Bg7 10. Nfd2 Nb6 11. a4 Rb8 12. a5 Nbd7 13. Nxc4 0-0 14. Bd2 Bxc4 15. Bxc4 Ng4 16. Ra2 Bd4+ 17. Kh1 Nf2+ 18. Rxf2 Bxf2 19. Nc3 Bh4 20. Nb5 Ra8 21. Ra3 a6 22. Nc3 Re8 23. Qd3 Qc8 24. Na4 Bf6 25. b3 Qb7 26. g4 Bd4 27. Ra2 e6 28. h3 Nf6 29. Nb6 exd5 30. exd5 Ra7 31. b4 Ne4 32. Kg2 Nf2 33. Qf3 Qe7 34. bxc5 Bxc5 35. Bc3 Qe4 36. Rxf2 Bxf2 37. Kxf2 Rc7 38. Bd3 Qxf3+ 39. Kxf3 Rxc3 0-1

[Event "Maresme-ch 7th"]
[Site "Mataro"]
[Date "2015.10.10"]
[Round "2"]
[White "Ruiz Molina, Gabriel"]
[Black "Santos Ramos, Carlos"]
[Result "1-0"]
[WhiteElo "2145"]
[BlackElo "2051"]
[PlyCount "77"]
[EventDate "2015.10.03"]
[EventType "swiss"]
[EventRounds "9"]
[EventCountry "ESP"]
[SourceTitle "CBM 170 Extra"]
[Source "ChessBase"]
[SourceDate "2016.02.25"]
[SourceVersion "1"]
[SourceVersionDate "2016.02.25"]
[SourceQuality "1"]

1. d4 Nf6 2. c4 e6 3. Nf3 Ne4 4. a3 Be7 5. Qc2 f5 6. g3 0-0 7. Bg2 d5 8. h4 c5 9. cxd5 exd5 10. 0-0 Nc6 11. dxc5 Bxc5 12. e3 Qe7 13. b3 Be6 14. Bb2 Rac8 15. Nbd2 Nxg3 16. fxg3 Bxe3+ 17. Kh1 d4 18. Nc4 Na5 19. Nxd4 f4 20. Nxe6 Qxe6 21. Qc3 Qh6 22. Qxa5 fxg3 23. Qd5+ Kh8 24. h5 Bf2 25. Nd6 Qf4 26. Qe6 Rc5 27. Qh3 Qxd6 28. h6 Rff5 29. Rad1 Qc7 30. Bxg7+ Kg8 31. Rxf2 gxf2 32. Qg4 Rh5+ 33. Bh3 Qc6+ 34. Kh2 Rcf5 35. Rd8+ Kf7 36. Rf8+ Ke7 37. Rxf5 Qc2 38. Re5+ Rxe5 39. Qd7# 1-0

[Event "Barcelona Sant Marti op-A 17th"]
[Site "Barcelona"]
[Date "2015.07.20"]
[Round "8"]
[White "Ruiz Molina, Gabriel"]
[Black "De Azua Arpi, Rafael"]
[Result "1-0"]
[WhiteElo "1916"]
[BlackElo "1916"]
[PlyCount "141"]
[EventDate "2015.07.13"]
[EventType "swiss"]
[EventRounds "9"]
[EventCountry "ESP"]
[SourceTitle "CBM 167 Extra"]
[Source "ChessBase"]
[SourceDate "2015.09.14"]
[SourceVersion "1"]
[SourceVersionDate "2015.09.14"]
[SourceQuality "1"]

1. d4 d5 2. c4 c6 3. Nf3 Nf6 4. Nc3 dxc4 5. a4 Bf5 6. Ne5 e6 7. f3 Nbd7 8. e4 Bg6 9. Nxc4 Bb4 10. Be2 c5 11. Nd6+ Kf8 12. dxc5 Qc7 13. Qb3 Qxc5 14. Nc4 Qe7 15. 0-0 h6 16. Kh1 Kg8 17. Be3 Bc5 18. Bf4 e5 19. Bg3 Kh7 20. Bh4 Qe6 21. Rfd1 a6 22. Qc2 Rac8 23. Nd2 Bd4 24. Nb3 Ba7 25. Rd2 Nc5 26. Nxc5 Bxc5 27. Bxf6 gxf6 28. Qd1 Bd4 29. Nd5 f5 30. Nf4 Qf6 31. Nxg6 fxg6 32. f4 Rhd8 33. exf5 gxf5 34. fxe5 Bxe5 35. Bd3 Kh8 36. Qf3 Rc7 37. Rf2 Rf7 38. Rb1 Rdf8 39. b3 Qd6 40. Bc4 Rg7 41. Rd1 Qc7 42. Qh5 Qc6 43. Bd5 Qf6 44. Rdf1 Rg5 45. Qh3 Bd4 46. Rxf5 Rxf5 47. Rxf5 Qg7 48. Qf3 Re8 49. Bc4 Re1+ 50. Bf1 Re8 51. h3 b6 52. Rf7 Qg6 53. Bxa6 Bc5 54. Qf6+ Qxf6 55. Rxf6 Kg7 56. Rf1 Re4 57. Bc4 Re7 58. g3 Re3 59. Kg2 Bd6 60. Rf3 Rxf3 61. Kxf3 Kf6 62. g4 Ke5 63. Ke3 Bb4 64. Bf7 Bc5+ 65. Kd3 Kf4 66. Kc4 Kg3 67. Be6 Kf4 68. a5 Ke5 69. Bc8 Kd6 70. a6 Kc7 71. a7 1-0

[Event "Barcelona Sant Marti op-A 17th"]
[Site "Barcelona"]
[Date "2015.07.13"]
[Round "1"]
[White "Vittorino, Carlo Giovanni"]
[Black "Ruiz Molina, Gabriel"]
[Result "1-0"]
[WhiteElo "2301"]
[BlackElo "1916"]
[PlyCount "75"]
[EventDate "2015.07.13"]
[EventType "swiss"]
[EventRounds "9"]
[EventCountry "ESP"]
[SourceTitle "CBM 167 Extra"]
[Source "ChessBase"]
[SourceDate "2015.09.14"]
[SourceVersion "1"]
[SourceVersionDate "2015.09.14"]
[SourceQuality "1"]

1. e4 e6 2. d4 d5 3. e5 c5 4. c3 Nc6 5. Nf3 Qb6 6. a3 c4 7. Nbd2 Bd7 8. b3 cxb3 9. Nxb3 Na5 10. Nxa5 Qxa5 11. Bd2 Ba4 12. Qc1 Qc7 13. Bd3 Ne7 14. 0-0 h6 15. Rb1 Bd7 16. Qb2 0-0-0 17. Rfc1 Kb8 18. c4 Bc6 19. cxd5 Nxd5 20. Bb5 Ka8 21. Bxc6 bxc6 22. Ba5 Nb6 23. Bxb6 axb6 24. Qxb6 Qxb6 25. Rxb6 Rc8 26. Rcb1 Rc7 27. Rb8+ Ka7 28. Rd8 c5 29. dxc5 Rxc5 30. Nd4 g6 31. f4 Bg7 32. Rd7+ Ka6 33. Rxf7 Bf8 34. Nxe6 Rc8 35. Nxf8 Rhxf8 36. Rxf8 Rxf8 37. Rb4 Ka5 38. Kf2 1-0

[Event "Llinars del Valles op-A 9th"]
[Site "Llinars del Valles"]
[Date "2015.06.13"]
[Round "9"]
[White "Ruiz Molina, Gabriel"]
[Black "Ramon Serrano, Francisco Javier"]
[Result "1-0"]
[WhiteElo "1934"]
[BlackElo "2014"]
[PlyCount "53"]
[EventDate "2015.04.11"]
[EventType "swiss"]
[EventRounds "9"]
[EventCountry "ESP"]
[SourceTitle "EXT 2018"]
[Source "ChessBase"]
[SourceDate "2017.10.13"]
[SourceVersion "1"]
[SourceVersionDate "2017.10.13"]
[SourceQuality "1"]

1. d4 Nf6 2. c4 g6 3. Nc3 d5 4. h4 Bg7 5. h5 Nxh5 6. cxd5 c6 7. e4 Nf6 8. Be2 cxd5 9. e5 Ne4 10. Bh6 Nxc3 11. bxc3 Bxh6 12. Rxh6 e6 13. Qd2 Nc6 14. f4 Qe7 15. Nf3 Qf8 16. Rh2 h5 17. Kf2 Bd7 18. Rah1 Rg8 19. Ng5 f6 20. Nh7 Qf7 21. Nxf6+ Ke7 22. Qb2 Rgb8 23. g4 Kd8 24. gxh5 gxh5 25. Rxh5 Ne7 26. Rh7 Qg6 27. Qb4 1-0